Synodicon Hispanum. (Record no. 149148)

MARC details
000 -LEADER
campo de control de longitud fija 00915nam a2200265 i 4500
001 - NÚMERO DE CONTROL
campo de control 149148
003 - IDENTIFICADOR DE NÚMERO DE CONTROL
campo de control ES-MaACL
005 - FECHA Y HORA DE LA ÚLTIMA TRANSACCIÓN
campo de control 20251009191605.0
007 - CAMPO FIJO DE DESCRIPCIÓN FÍSICA--INFORMACIÓN GENERAL
campo de control de longitud fija t|
008 - DATOS DE LONGITUD FIJA--INFORMACIÓN GENERAL
campo de control de longitud fija 070214s1981 sp |||| | spa d
020 ## - NÚMERO INTERNACIONAL ESTÁNDAR DEL LIBRO
Número Internacional Estándar del Libro 84-220-1019-4
080 ## - NÚMERO DE LA CLASIFICACIÓN DECIMAL UNIVERSAL
Número de la Clasificación Decimal Universal 262.4(460.11)"12/15"(093)
245 00 - MENCIÓN DEL TÍTULO
Título Synodicon Hispanum.
Número de parte o sección de la obra I,
Nombre de parte o sección de la obra Galicia /
Mención de responsabilidad, etc. por Arturo Bernal Palacios... [et al.] ; dirigido por Antonio García y García.
260 ## - PUBLICACIÓN, DISTRIBUCIÓN, ETC.
Lugar de publicación, distribución, etc. Madrid :
Nombre del editor, distribuidor, etc. La Editorial Católica,
Fecha de publicación, distribución, etc. 1981 (
Fabricante Fareso)
300 ## - DESCRIPCIÓN FÍSICA
Extensión XXXIX, 627 p. ;
Dimensiones 25 cm.
500 ## - NOTA GENERAL
Nota general Índices.
504 ## - NOTA DE BIBLIOGRAFÍA, ETC.
Nota de bibliografía, etc. Bibliografía: p. XXXVII-XXXIX.
546 ## - NOTA DE IDIOMA
Nota de lengua/lenguaje Textos en español y latín.
650 #4 - PUNTO DE ACCESO ADICIONAL DE MATERIA--TÉRMINO DE MATERIA
Término de materia o nombre geográfico como elemento de entrada Concilios y sínodos-
Subdivisión geográfica Galicia.
9 (RLIN) 151103
650 #4 - PUNTO DE ACCESO ADICIONAL DE MATERIA--TÉRMINO DE MATERIA
Término de materia o nombre geográfico como elemento de entrada Concilios y sínodos-
Subdivisión geográfica España.
9 (RLIN) 142687
700 1# - ENTRADA AGREGADA--NOMBRE PERSONAL
Nombre de persona Bernal Palacios, Arturo.
9 (RLIN) 28203
700 1# - ENTRADA AGREGADA--NOMBRE PERSONAL
Nombre de persona García y García, Antonio,
Fechas asociadas al nombre 1928-
9 (RLIN) 151099
852 ## - LOCALIZACIÓN
Ubicación ES-MaACL
Número de control de estantería P-1678
Holdings
Estatus retirado Estado de pérdida Estado de daño No para préstamo Biblioteca de origen Biblioteca actual Ubicación en estantería Fecha de adquisición Fuente de adquisición Total de préstamos Signatura topográfica completa Código de barras Visto por última vez Precio de reemplazo Tipo de ítem Koha
        Biblioteca del Ateneo de Madrid Biblioteca del Ateneo de Madrid Depósito 2 17/01/2008     P-1678 1155639 23/02/2023 23/02/2023 Libro impreso